Globalization of agriculture and R & D in India - An overview (Record no. 60000)

MARC details
000 -LEADER
fixed length control field 00364nam a2200133Ia 4500
100 ## - MAIN ENTRY--AUTHOR NAME
Personal name Prem Nath
245 #0 - TITLE STATEMENT
Title Globalization of agriculture and R & D in India - An overview
260 ## - PUBLICATION, DISTRIBUTION, ETC. (IMPRINT)
Name of publisher Plant Horticultural Technology
Year of publication 2001
300 ## - PHYSICAL DESCRIPTION
Number of Pages 25-32
650 ## - SUBJECT ADDED ENTRY--TOPICAL TERM
Topical Term Agriculture
650 ## - SUBJECT ADDED ENTRY--TOPICAL TERM
Topical Term Globalization
942 ## - ADDED ENTRY ELEMENTS (KOHA)
Koha item type Journals
Holdings
Withdrawn status Lost status Damaged status Not for loan Home library Current library Shelving location Date acquired Serial Enumeration / chronology Koha item type
      Journals RRII Library RRII Library Botany 17/12/2021 Volume 2, Issue 5 Journals